| 000 | 00438nam a2200181Ia 4500 | ||
|---|---|---|---|
| 005 | 20240823044008.0 | ||
| 008 | 240823s9999||||xx |||||||||||||| ||und|| | ||
| 041 | _aENGLISH | ||
| 082 | _A658.11 | ||
| 100 | _aSaksena | ||
| 245 | 0 | _aBusiness Administration and Management | |
| 250 | _a1st | ||
| 260 |
_c1994 _b"Satya Bhawan,Agra" |
||
| 500 | _aTRANSFERED | ||
| 650 |
_aBusiness _bManagement Studies |
||
| 942 | _cBK | ||
| 999 |
_c211527 _d211527 |
||